Proyecto de programa agrario

Salvato in:
Dettagli Bibliografici
Ente Autore: Partido Comunista de El Salvador
Natura: testo
Pubblicazione: San Salvador: El partido
Tags: Aggiungi Tag
Nessun Tag, puoi essere il primo ad aggiungerne!!

MARC

LEADER 00000 a a2200000 04500
001 16604
003
040
090 |a EXTRAVIADO  
110 |a Partido Comunista de El Salvador  
245 |a Proyecto de programa agrario  
260 |a San Salvador:   |b El partido  
300 |a 50 p.  
999 |c 14993  |d 14993